• 首页
  • 本馆介绍
  • 公告通知
  • 最新文献
  • 馆藏检索
  • 电子资源
  • 读者导购
  • 参考咨询
  • 我的图书馆
  • 登录
  • 详细信息显示
  • 放入我的书架
  • 预约/预借图书
  • 作者相关作品
  • 分类相关作品
  • 丛书相关作品
  • 出版社相关作品

书目信息

  • 表格格式
  • 工作单格式
  • 卡片格式
题名:
中国农业害虫绿色防控发展战略
    
 
作者: ;我国昆虫不育技术发展战略研究项目组 著
分册:  
出版信息: 北京   科学出版社  2016
页数: 286页
开本: 26cm
丛书名:
单 册:
中图分类: S433
科图分类:
主题词: 农业害虫--病虫害防治--无污染技术--研究--中国
电子资源:
ISBN: 978-7-03-047309-7
000 01077nam0 2200229 450
001 670
005 20180924093357.30
010    @a978-7-03-047309-7@b精装@dCNY128.00
100    @a20160413d2016 em y0chiy0110 ea
101 0  @achi
102    @aCN@b110000
105    @ay z 000yy
200 1  @a中国农业害虫绿色防控发展战略@9zhong guo nong ye hai chong lv se fang kong fa zhan zhan lue@b专著@f我国昆虫不育技术发展战略研究项目组著
210    @a北京@c科学出版社@d2016
215    @a286页@d26cm
300    @a中国工程院重点咨询项目
330    @a本书系统总结了近年来我国在农业害虫绿色防控技术研发创新与集成应用领域取得的进展,分析了与国际领先成就之间的差距,解析了其中的原因和根源,据此提出了我国农业害虫绿色防控发展的整体思路、总体目标、基本原则和具体措施,对指导农业害虫绿色防控科技研发与产业化应用有重要参考价值。
606 0  @a农业害虫@x病虫害防治@x无污染技术@x研究@y中国
690    @aS433@v5
711 02 @a我国昆虫不育技术发展战略研究项目组@9wo guo kun chong bu yu ji shu fa zhan zhan lue yan jiu xiang mu zu@4著
801  0 @aCN@b91MARC@c20160516
905    @aMuseLib@dS433@e135
    
    中国农业害虫绿色防控发展战略/我国昆虫不育技术发展战略研究项目组著.-北京:科学出版社,2016
    286页;26cm
    中国工程院重点咨询项目
    
    ISBN 978-7-03-047309-7(精装):CNY128.00
    本书系统总结了近年来我国在农业害虫绿色防控技术研发创新与集成应用领域取得的进展,分析了与国际领先成就之间的差距,解析了其中的原因和根源,据此提出了我国农业害虫绿色防控发展的整体思路、总体目标、基本原则和具体措施,对指导农业害虫绿色防控科技研发与产业化应用有重要参考价值。
●
相关链接 在E读中查询图书 在五车中查询图书 在当当中查询图书 在豆瓣中查询图书


正题名:中国农业害虫绿色防控发展战略     索取号:S433/135         预约/预借

序号 登录号 条形码 馆藏地/架位号 状态 备注
1 1120121   211201215   第二样本阅览室/ [索取号:S433/135] 在馆    
2 1120122   211201224   第三借阅区/ [索取号:S433/135] 在馆    
3 1120123   211201233   第三借阅区/ [索取号:S433/135] 在馆    
唐山师范学院图书馆 欢迎您!
大连网信软件有限公司© 版权所有